Football - Devine le joueur par les montants de transfert - Statistiques

Statistiques générales
  • Ce quiz a été pris 137 fois
  • Le résultat moyen est 8 sur 20
Statistiques - réponses
Hint Indice : Année du plus gros transfert et club acheteur Réponse % Correct
88M - 222M - 90M 2017 - PSG NEYMAR
99%
Libre - 105M - Libre 2016 - Manchester United Paul POGBA
68%
15M - prêt - prêt 3,5M - 35,3M - 84,7M - 74M - 113M - prêt 7,86M - prêt 5,80M - 30M 2021 - Chelsea Romelu LUKAKU
62%
Prêt - Libre - 95M 2023 - PSG Randal KOLO MUANI
59%
35M - 135M - 50M 2017 - FC Barcelone Ousmane DEMBELE
53%
2,5M - 60M - Libre 2000 - Real Madrid Luis FIGO
46%
5,43M - 40M - 43M - Prêt 7,60M - Prêt 7M - Libre - Libre - Libre 2014 - AS Monaco Radamel FALCAO
41%
20M - 42,10M 2022 - Newcastle United Bruno GUIMARAES
39%
23M - 40M - Libre 2011 - Manchester City Sergio AGUERO
37%
0,28M - 7,35M - 45M - 75M - Prêt 13M - Libre - 8M - Libre - Libre - Libre - Libre 2014 - AS Monaco James RODRIGUEZ
36%
Prêt - Prêt - Prêt - 7,20M - 27M - 20M - 27M - Libre - Libre - Libre - Libre - Libre - Libre 2004 - FC Barcelone / 2011 - Anzhi Makhachkala Samuel ETO'O
35%
8M - Prêt - Prêt 0,45M - 22M - 76M 2015 - Manchester City Kevin DE BRUYNE
33%
0,40M - 2,50M - Prêt 1M - 6M - 9,70M - 65M 2020 - Manchester United Bruno FERNANDES
25%
Prêt - Prêt - Prêt - Prêt - 1,8M - 13M - 63,75M - Libre - 12M - Libre - 9M 2018 - Arsenal Pierre-Emerick AUBAMEYANG
25%
Libre - Prêt 7M - 21M 2017 - Bayern Munich Kinglsey COMAN
23%
4,3M - 18M - 35M - 25M 2007 - Real Madrid Arjen ROBBEN
22%
4,13M - 56,81M - 40M - 26M - Prêt - Prêt - LIbre - Libre - Libre 2000 - Lazio Rome Hernan CRESPO
15%
0,75M - 2,5M - 6M - Libre - Libre 2002 - Bayern Munich Michael BALLACK
14%
23,9M - 43,8M - Prêt - Libre 2006 - Chelsea Andrey SHEVCHENKO
10%
64M - Prêt - 20,8M 2019 - Chelsea Christian PULISIC
8%
Aucun quiz correspondant
Distribution des résultats
% des personnes avec chaque résultat
Percentile par nombre de réponses
Votre historique - résultats
Vous n’avez pas pris ce quiz